000 00304 a2200145 4500
001 166676
020 _a
040 _cMagnum
100 _aSalvador, Cesar Coll
240 1 0 _aPsicologia da educacao
_lpor
245 1 0 _aPsicologia da educacao
362 0 _a1899
697 _aPSICOLOGIA
942 _cBK
999 _c166676
_d166676